| 000 | 00453nam a22001697a 4500 | ||
|---|---|---|---|
| 003 | NUST - PNEC | ||
| 005 | 20170116180923.0 | ||
| 008 | 150905b xxu||||| |||| 00| 0 eng d | ||
| 040 | _cLIBRARY | ||
| 082 | _a621.3 KRA | ||
| 100 |
_97768 _aKraal, Edmund G. R. |
||
| 245 |
_aReed's basic electrotechnology for engineers _cEdmund G. R. Kraal |
||
| 250 | _a1st ed | ||
| 260 | _c1970 | ||
| 650 |
_95527 _aElectrical Engineering _xEL, EE |
||
| 942 |
_2ddc _cBK |
||
| 999 |
_c65669 _d65669 |
||